Score 0/43 Timer 10:00
0 Plays Today
Characters Name Actors Name % Correct
Carla ConnorAlison King
94.4%
Michelle ConnorKym Marsh
88.9%
Ken BarlowWilliam Roache
85.4%
Leanne BarlowJane Danson
83.3%
Gail PlattHelen Worth
77.1%
Deirdre BarlowAnne Kirkbride
75.7%
David PlattJack P Shepherd
72.2%
Rita TannerBarbara Knox
70.8%
Kylie PlattPaula Lane
70.1%
Peter BarlowChris Gascoyne
69.4%
Fiz StapeJennie McAlpine
68.1%
Stella PriceMichelle Collins
68.1%
Steve McDonaldSimon Gregson
67.4%
Tracy BarlowKate Ford
65.3%
Tina McIntyreMichelle Keegan
65.3%
Tyrone DobbsAlan Halsall
63.9%
Jason GrimshawRyan Thomas
62.5%
Eileen GrimshawSue Cleaver
61.8%
Nick TildsleyBen Price
59%
Sean TullyAntony Cotton
56.9%
Eva PriceCatherine Tyldesley
56.3%
Maria ConnorSamia Smith
56.3%
Characters Name Actors Name % Correct
Audrey RobertsSue Nicholls
56.3%
Gary WindassMikey North
54.9%
Anna WindassDebbie Rush
54.2%
Sunita AlahanShobna Gulati
52.8%
Tommy DuckworthChris Fountain
52.8%
Katy ArmstrongGeorgia May Foote
48.6%
Norris ColeMalcolm Hebden
47.9%
Ryan ConnorSol Heras
44.4%
Mary TaylorPatti Clare
43.8%
Karl MunroJohn Michie
42.4%
Kirsty SoamesNatalie Gumede
41%
Izzy ArmstrongCherylee Houston
38.2%
Hayley CropperJulie Hesmondhalgh
37.5%
Marcus DentCharlie Condou
36.8%
Kirk SutherlandAndy Whyment
36.8%
Sylvia GoodmanStephanie Cole
35.4%
Julie CarpKaty Cavanagh
34.7%
Rob DonovanMarc Baylis
32.6%
Owen ArmstrongIan Puleston Davies
31.3%
BethLisa George
29.9%
Dev AlahanJimmi Harkishan
20.1%
Remove Ads.
Support Sporcle.
Get the best of Sporcle when you Go Orange. This ad-free experience offers more features, more stats, and more fun while also helping to support Sporcle. Thank you for becoming a member.

You're not logged in!

Compare scores with friends on all Sporcle quizzes.
OR
Log In

Show Comments

Extras

Top Quizzes Today


Score Distribution

Your Account Isn't Verified!

In order to create a playlist on Sporcle, you need to verify the email address you used during registration. Go to your Sporcle Settings to finish the process.

Report this User

Report this user for behavior that violates our Community Guidelines.

Details: